00530nam a2200157 a 450000100100000000500170001000800410002702000150006804000250008308200140010810000240012224501080014626000720025430000210032670000250034700001896620200929165906.0100521s1986 xxu r 000 0 spa d a0311110452 aDO-SdBNPbspacBNPHU axxxbH6381 aHightower, James E.13aEl cuidado pastoral :bdesde la cuna hasta la tumba /cJames E. Hightower ; traducción Edgar Morales. aTennessee, Estados Unidos :bCasa Bautista de Publicaciones,c1986. a171 p. ;c21 cm.1 aMorales, Edgar,etr.